| 000 | 00439 a2200157 4500 | ||
|---|---|---|---|
| 001 | ART_46565 | ||
| 005 | 20260410161630.0 | ||
| 008 | 260409a | ||
| 245 | 1 | 0 | _aLos principios de la exposición contable |
| 100 | 1 | _aWerbin, Eliana M. | |
| 700 | 1 | _aQuadro, Martín E. | |
| 700 | 1 | _aBertoldi, Norma | |
| 700 | 1 | _aPriotto, Hugo C. | |
| 700 | 1 | _aVeteri, Liliana J. | |
| 773 | 0 |
_tEnfoques _g- N°6 (jun. 2018) _wREV416 |
|
| 999 |
_c12377 _d12377 |
||